000 00360pam a2200157a 44500
008 230515b1975 xxu||||| |||| 00| 0 eng d
020 _aNULL
041 _aENGLISH
082 _a630
100 _aBOBROV NICHOLAS
245 _aHANDBOOK OF ANALYTICAL CHEMISTRY
250 _a0
260 _aMOSCOW
_bMIR PUBLISHERS
_c1975
300 _a488
650 _aNULL
999 _c651340
_d651340